Falu az öreg templom alatt nagycsalomjai településrajzok

Bibliographic Details
Main Author: Csáky, Károly, 1950- (Author)
Format: Article
Language:Hungarian
PhysicalDescription:Fotogr.
ISSN:1335-6631
Subjects:

MARC

LEADER 00000nab a2200000 ar4500
001 vtls009170627
003 SK-MaSNL
005 20260319070906.0
008 080104c2008 xo |||||||| 000 b|hun
015 |a SNBRB2008/01  |2 snkbucl 
038 |a SNKBUCL 
040 |a DSZK  |b slo  |c DSZK  |e AACR2 
041 0 |a hun 
044 |a xo  |c SK 
080 |a 908  |x (437.6)  |2 1997 
080 |a 726  |x (437.6)  |2 1997 
080 |a 904:726  |x (437.6)  |2 1997 
100 1 |a Csáky, Károly,  |d 1950-  |4 aut  |9 99675 
245 1 0 |a Falu az öreg templom alatt  |b nagycsalomjai településrajzok  |c Csáky Károly 
300 |b Fotogr. 
650 0 7 |a cirkevná architektúra  |x sakrálne pamiatky  |z Veľká Čalomija (Slovensko)  |2 snkbucl  |9 1050298 
650 0 7 |a sakrálne pamiatky  |2 snkbucl  |9 28972 
651 7 |a Veľká Čalomija (Slovensko)  |2 snkbucl  |9 108514 
655 7 |a vlastivedné reportáže  |2 snkbucl  |9 770908 
773 0 |t Szabad újság  |g Évf. XVI, sz. 1 (2008), o. 9  |x 1335-6631 
852 |a SNK  |b KIS3GCP 
852 |a DSZK  |b KIS3GCP 
958 |a HU 
958 |a SK 
958 |a NT 
999 |c 1726412  |d 1728342